Una poética de la convocatoria : la literatura comunista de Raúl González Tuñón /

Bibliographic Details
Main Author: Alle, María Fernanda (Author)
Format: Electronic eBook
Language:Spanish
Published: Rosario : Beatriz Viterbo Editora, [2019]
Edition:Primera edición.
Series:Ensayos críticos (Rosario, Argentina) ; 80.
Subjects:
Online Access:Digitalia Hispánica

MARC

LEADER 00000nam a2200000 i 4500
001 DIGVITED0012
003 NyNyDIG
007 cr |||||||||||
008 231012s2019 ag ob 000 0 spa d
006 m o d
035 |a (OCoLC)1406037270 
040 |a DGITA  |b eng  |e rda  |e pn  |c DGITA 
020 |a 9789508453822  |q eBook 
020 |z 9789508453815 
050 1 4 |a PQ7797.G596 ebook 
100 1 |a Alle, María Fernanda,  |e author. 
245 1 4 |a Una poética de la convocatoria :  |b la literatura comunista de Raúl González Tuñón /  |c María Fernanda Alle. 
250 |a Primera edición. 
264 1 |a Rosario :  |b Beatriz Viterbo Editora,  |c [2019] 
300 |a 1 online resource. 
336 |a text  |b txt  |2 rdacontent 
337 |a computer  |b c  |2 rdamedia 
338 |a online resource  |b cr  |2 rdacarrier 
347 |a text file  |2 rdaft 
347 |b EPUB 
490 1 |a Ensayos críticos 
504 |a Includes bibliographical references. 
588 0 |a Online resource; title from ePub title page (Digitalia, viewed October 12, 2023) 
600 1 0 |a González Tuñón, Raúl,  |d 1905-1974  |x Criticism and interpretation. 
650 0 |a Communist literature. 
791 2 |a Digitalia (Firm),  |e distributor. 
793 0 |g Digitalia eBook Collection:  |a Beatriz Viterbo Editora 
776 0 8 |i Print version:  |a Alle, María Fernanda.  |t Poética de la convocatoria.  |b Primera edición.  |d Rosario : Beatriz Viterbo Editora, [2019]  |z 9789508453815 
830 0 |a Ensayos críticos (Rosario, Argentina) ;  |v 80. 
856 4 0 |3 Digitalia Hispánica  |u https://www.digitaliapublishing.com/a/128574/ 
910 |a Premium collection: 2023